Annie Besant / (Record no. 79576)

MARC details
000 -LEADER
fixed length control field 00774nam a22002297a 4500
005 - DATE AND TIME OF LATEST TRANSACTION
control field 20131030152840.0
010 ## - LCCN (DPL NO)
LC control number B-495459-464
020 ## - INTERNATIONAL STANDARD BOOK NUMBER
International Standard Book Number 9789350514450
Terms of availability 750.00
035 ## - SYSTEM CONTROL NUMBER
System control number B-495459-464
037 ## - SOURCE OF ACQUISITION
Source of stock number/acquisition HPH/Ven
Stock number dpl
082 ## - DEWEY DECIMAL CLASSIFICATION NUMBER
Classification number 921
245 ## - TITLE STATEMENT
Title Annie Besant /
Statement of responsibility, etc edited by M.A. Seewan,Saud Akhtar [and] R.K.Singh
260 ## - PUBLICATION, DISTRIBUTION, ETC. (IMPRINT)
Place of publication, distribution, etc Mumbai
Name of publisher, distributor, etc Himalaya Publishing House
Date of publication, distribution, etc 2011
270 ## - ADDRESS
Address Ramdoot Dr. Bhalerao Marg, Girgaon
City Mumbai
Postal code 400004
300 ## - PHYSICAL DESCRIPTION
Extent 373p.
Dimensions 20cm(Hb)
500 ## - GENERAL NOTE
General note includes index and bibliographical references
700 ## - ADDED ENTRY--PERSONAL NAME
Personal name Seewan, M.A.
710 ## - ADDED ENTRY--CORPORATE NAME
Corporate name or jurisdiction name as entry element Saud Akhtar
710 ## - ADDED ENTRY--CORPORATE NAME
Corporate name or jurisdiction name as entry element Singh,R.K.
942 ## - ADDED ENTRY ELEMENTS (KOHA)
Source of classification or shelving scheme Dewey Decimal Classification
Item type English Books
Call number suffix ANN
Classification part 921
Holdings
Withdrawn status Lost status Not for loan Collection code Home library Current library Date acquired Source of acquisition Cost, normal purchase price Full call number Barcode Copy number Cost, replacement price Koha item type
      Non-fiction Central Library Central Library 30/10/2013 HPH/A443489/09.03.2013/170/09.03.2013/15.03.2013 750.00 921 ANN B-495459 1 750.00 English Books
      Non-fiction Janak Puri Janak Puri 30/10/2013 HPH/A443489/09.03.2013/170/09.03.2013/15.03.2013 750.00 921 ANN B-495462 1 750.00 English Books
      Non-fiction Karol Bagh Karol Bagh 30/10/2013 HPH/A443489/09.03.2013/170/09.03.2013/15.03.2013 750.00 921 ANN B-495463 1 750.00 English Books
      Non-fiction Kasturba Gandhi Marg Kasturba Gandhi Marg 30/10/2013 HPH/A443489/09.03.2013/170/09.03.2013/15.03.2013 750.00 921 ANN B-495461 1 750.00 English Books
      Non-fiction Narela Narela 30/10/2013 HPH/A443489/09.03.2013/170/09.03.2013/15.03.2013 750.00 921 ANN B-495464 1 750.00 English Books
      Non-fiction Patel Nagar Patel Nagar 30/10/2013 HPH/A443489/09.03.2013/170/09.03.2013/15.03.2013 750.00 921 ANN B-495460 1 750.00 English Books

© Delhi Public Library
Hit Counter
free hit counter